<?xml version="1.0" encoding="UTF-8"?>
<record
    xmlns:xsi="http://www.w3.org/2001/XMLSchema-instance"
    xsi:schemaLocation="http://www.loc.gov/MARC21/slim http://www.loc.gov/standards/marcxml/schema/MARC21slim.xsd"
    xmlns="http://www.loc.gov/MARC21/slim">

  <leader>00912nam a2200253Ia 4500</leader>
  <controlfield tag="008">260407s2003    sp            000 0 spa d</controlfield>
  <datafield tag="041" ind1=" " ind2=" ">
    <subfield code="a">spa</subfield>
  </datafield>
  <datafield tag="111" ind1="2" ind2=" ">
    <subfield code="a">DIA INTERNACIONAL DE LOS TRABAJADORES</subfield>
    <subfield code="d">2003</subfield>
    <subfield code="9">41412</subfield>
  </datafield>
  <datafield tag="245" ind1=" " ind2="0">
    <subfield code="a">Manifiesto del 1&#xBA; de Mayo de 2003</subfield>
    <subfield code="b">: Por la paz y el empleo</subfield>
    <subfield code="c">/ CCOO y UGT</subfield>
  </datafield>
  <datafield tag="260" ind1=" " ind2=" ">
    <subfield code="a">[Madrid :</subfield>
    <subfield code="b"> Confederaci&#xF3;n Sindical de CCOO,</subfield>
    <subfield code="c">2003]</subfield>
  </datafield>
  <datafield tag="300" ind1=" " ind2=" ">
    <subfield code="a">2 p.  ;</subfield>
    <subfield code="c"> 29 cm</subfield>
  </datafield>
  <datafield tag="650" ind1=" " ind2=" ">
    <subfield code="a">MOVIMIENTO OBRERO</subfield>
    <subfield code="9">970</subfield>
  </datafield>
  <datafield tag="650" ind1=" " ind2="0">
    <subfield code="a">ACTITUD SINDICAL</subfield>
    <subfield code="9">61</subfield>
  </datafield>
  <datafield tag="650" ind1=" " ind2=" ">
    <subfield code="a">SINDICALISMO</subfield>
    <subfield code="9">189</subfield>
  </datafield>
  <datafield tag="650" ind1=" " ind2="0">
    <subfield code="a">DERECHOS DE LOS TRABAJADORES</subfield>
    <subfield code="9">4</subfield>
  </datafield>
  <datafield tag="650" ind1=" " ind2="0">
    <subfield code="a">DIA INTERNACIONAL DE LOS TRABAJADORES</subfield>
    <subfield code="9">39791</subfield>
  </datafield>
  <datafield tag="650" ind1=" " ind2="0">
    <subfield code="a">GUERRA</subfield>
    <subfield code="9">799</subfield>
  </datafield>
  <datafield tag="650" ind1=" " ind2="0">
    <subfield code="a">IRAQ</subfield>
    <subfield code="9">23291</subfield>
  </datafield>
  <datafield tag="650" ind1=" " ind2="0">
    <subfield code="a">PAZ</subfield>
    <subfield code="9">2784</subfield>
  </datafield>
  <datafield tag="710" ind1="2" ind2=" ">
    <subfield code="a">CCOO</subfield>
    <subfield code="b">Confederaci&#xF3;n Sindical</subfield>
    <subfield code="9">27927</subfield>
  </datafield>
  <datafield tag="710" ind1=" " ind2=" ">
    <subfield code="a">UGT</subfield>
    <subfield code="b">Comisi&#xF3;n Ejecutiva</subfield>
    <subfield code="9">2010</subfield>
  </datafield>
  <datafield tag="856" ind1=" " ind2=" ">
    <subfield code="z">PDF</subfield>
    <subfield code="u">https://docpublicos.ccoo.es/cendoc/073477Manifiesto1MayoCCOO_2003.pdf</subfield>
  </datafield>
  <datafield tag="942" ind1=" " ind2=" ">
    <subfield code="c">DOCU_ELEC</subfield>
    <subfield code="2">ddc</subfield>
    <subfield code="n">0</subfield>
  </datafield>
  <datafield tag="999" ind1=" " ind2=" ">
    <subfield code="c">64494</subfield>
    <subfield code="d">64494</subfield>
  </datafield>
  <datafield tag="952" ind1=" " ind2=" ">
    <subfield code="0">0</subfield>
    <subfield code="1">0</subfield>
    <subfield code="2">ddc</subfield>
    <subfield code="4">0</subfield>
    <subfield code="7">0</subfield>
    <subfield code="a">CENDO</subfield>
    <subfield code="b">CENDO</subfield>
    <subfield code="d">2026-04-07</subfield>
    <subfield code="i">073477</subfield>
    <subfield code="l">0</subfield>
    <subfield code="p">2026-0736</subfield>
    <subfield code="r">2026-04-07 10:05:04</subfield>
    <subfield code="w">2026-04-07</subfield>
    <subfield code="y">DOCU_ELEC</subfield>
  </datafield>
</record>
